000 00665nam a22002417a 4500
003 UA-OsUOA
001 127599
007 ta
008 20171205b un ||||| |||| 00| 0 ukr d
100 _aІов І.
090 _a821.161.2
_bІ-99
942 _cBK
040 _aUA-OsUOA
_bukr
_cUA-OsUOA
_dUA-OsUOA
245 _aСловопис
_bсупертворотексти-традиція
300 _a104 с.
955 _a3
041 _aukr
080 _a821.161.2
020 _a966-7158-61-6
260 _aХмельницький
_bПоділля
_c2000
650 7 _a82 Література. Літературознавство
_2UDC
999 _c414905
_d414905